000 00270nam a22000977a 4500
008 230623b xxu||||| |||| 00| 0 eng d
082 _a328.773
_bILL
245 _a88th General Assembly 1993
_bRules of the Illinois House of Representatives
300 _a76p
942 _2ddc
_cBK
999 _c2376
_d2376